header

Stop that heart attack! (Record no. 194644)

MARC details
000 -LEADER
fixed length control field 01244nam a2200313Ia 4500
082 04 - DEWEY DECIMAL CLASSIFICATION NUMBER
Classification number 616.12305
100 1# - MAIN ENTRY--AUTHOR NAME
Personal name Cutting, Derrick.
245 10 - TITLE STATEMENT
Title Stop that heart attack!
250 ## - EDITION STATEMENT
Edition statement 3rd ed., fully revised and updated.
260 ## - PUBLICATION, DISTRIBUTION, ETC. (IMPRINT)
Place of publication London :
Name of publisher Class,
Year of publication 2004.
300 ## - PHYSICAL DESCRIPTION
Number of Pages xiv, 378 p. :
Other physical details ill.
500 ## - GENERAL NOTE
General note Previous ed.: 2001.
650 #0 - SUBJECT ADDED ENTRY--TOPICAL TERM
Topical Term Coronary heart disease
Topical Term Coronary heart disease
856 40 - ELECTRONIC LOCATION AND ACCESS
Uniform Resource Identifier http://site.ebrary.com/lib/rucke/Doc?id=10096210

No items available.

© 2026 Rongo University
Contact us: librarian | system librarian | Rongo university